[Event "9th Sunway Sitges 2022"]
[Site "Sitges ESP"]
[Date "2022.12.12"]
[Round "1.50"]
[White "Rodriguez Diaz, Javier"]
[Black "Goh, Wei Ming Kevin"]
[Result "0-1"]
[BlackTitle "GM"]
[WhiteElo "2084"]
[BlackElo "2452"]
[WhiteFideId "32044186"]
[BlackFideId "5800706"]
[EventDate "2022.12.12"]

1. e4 c6 2. Nf3 d5 3. d3 g6 4. Nbd2 Bg7 5. e5 c5 6. c3 Nc6 7. Qa4 Bd7 8. Qa3 b6
9. d4 Nh6 10. Be2 O-O 11. O-O Nf5 12. Nb3 c4 13. Nbd2 b5 14. b3 b4 15. Qb2 Qb6
16. bxc4 bxc3 17. Qxb6 axb6 18. Nb3 Be6 19. g4 Nh6 20. Bxh6 Bxh6 21. cxd5 Bxd5
22. g5 Bg7 23. Rfc1 Rac8 24. Kf1 Nd8 25. h4 Ne6 26. Rd1 c2 27. Rdc1 Rc3 28. Nfd2
Ra8 29. a4 Ra7 0-1

[Event "9th Sunway Sitges 2022"]
[Site "Sitges ESP"]
[Date "2022.12.12"]
[Round "1.51"]
[White "Kaasen, Tor Fredrik"]
[Black "Korkmaz, Necmettin"]
[Result "1-0"]
[WhiteTitle "IM"]
[BlackTitle "CM"]
[WhiteElo "2452"]
[BlackElo "2077"]
[WhiteFideId "1516647"]
[BlackFideId "6303285"]
[EventDate "2022.12.12"]

1. c4 e5 2. g3 Nc6 3. Bg2 f5 4. Nc3 Nf6 5. a3 g6 6. b4 Bg7 7. Rb1 O-O 8. d3 h6
9. Nf3 d6 10. Nd2 Rb8 11. O-O Ne7 12. a4 b6 13. Ba3 g5 14. c5 d5 15. b5 Rf7 16.
Na2 Be6 17. Rc1 e4 18. Nb3 d4 19. Bb2 bxc5 20. Rxc5 Qd6 21. Nac1 Nd7 22. Rc2 c5
23. Ba3 Rc8 24. dxe4 fxe4 25. Bxe4 Bxb3 26. Nxb3 Qe6 27. Nd2 c4 28. Bb7 Rc7 29.
Bg2 Nd5 30. Nxc4 Nc3 31. Rxc3 Rxc4 32. Rxc4 Qxc4 33. Qd3 Qa2 34. Rc1 Ne5 35.
Rc8+ Bf8 36. Qxd4 Qxe2 37. Rxf8+ Rxf8 38. Bd5+ Rf7 39. Bxf7+ Kxf7 40. Qd5+ Kg6
41. Bb4 Nd3 42. Qg8+ Kh5 43. Qf7+ Kg4 44. h3+ Kxh3 45. Qf5+ Qg4 46. Qxd3 Qxb4
47. Qf5+ 1-0

[Event "9th Sunway Sitges 2022"]
[Site "Sitges ESP"]
[Date "2022.12.12"]
[Round "1.52"]
[White "Hapala, Elisabeth"]
[Black "Narciso Dublan, Marc"]
[Result "1/2-1/2"]
[WhiteTitle "WFM"]
[BlackTitle "GM"]
[WhiteElo "2075"]
[BlackElo "2448"]
[WhiteFideId "1622080"]
[BlackFideId "2201500"]
[EventDate "2022.12.12"]

1. e4 d5 2. exd5 Qxd5 3. Nc3 Qa5 4. d4 Nf6 5. Nf3 Bf5 6. Bc4 e6 7. Bd2 Bb4 8.
O-O Nc6 9. a3 Bxc3 10. Bxc3 Qb6 11. Ne5 Nxe5 12. dxe5 Rd8 13. exf6 Rxd1 14.
Raxd1 g5 15. Rd2 O-O 16. Rfd1 Bg4 17. Re1 h6 18. h3 Qc6 19. Bd3 Bf5 20. Bxf5
exf5 21. Re7 b5 22. Rdd7 a5 23. Rxc7 Qd6 24. Rcd7 Qc6 25. Rc7 Qd6 26. Rcd7 Qc6
27. Rc7 Qd6 28. Rcd7 Qc6 29. Rc7 Qd6 30. Rcd7 Qc6 1/2-1/2

[Event "9th Sunway Sitges 2022"]
[Site "Sitges ESP"]
[Date "2022.12.12"]
[Round "1.53"]
[White "Abdisalimov, Abdimalik"]
[Black "Duke, Michael"]
[Result "1-0"]
[WhiteTitle "IM"]
[WhiteElo "2447"]
[BlackElo "2067"]
[WhiteFideId "14206323"]
[BlackFideId "2402262"]
[EventDate "2022.12.12"]

1. d4 d5 2. c4 c6 3. Nf3 Nf6 4. Nc3 e6 5. g3 dxc4 6. Bg2 b5 7. Ne5 Nd5 8. O-O
Bb7 9. a4 a6 10. Ne4 Nd7 11. Nxf7 Kxf7 12. Ng5+ Ke7 13. e4 Nc7 14. Qh5 Qe8 15.
Qh4 Nf6 16. axb5 Kd7 17. bxc6+ Bxc6 18. d5 Bb7 19. dxe6+ Kc8 20. Bf4 Qh5 21.
Rac1 Qxh4 22. gxh4 Bb4 23. Rxc4 Ba5 24. Nf7 Rf8 25. Nd6+ Kb8 26. Nxb7 Kxb7 27.
Bxc7 Rac8 28. e5+ Ka7 29. e7 Rfe8 1-0

[Event "9th Sunway Sitges 2022"]
[Site "Sitges ESP"]
[Date "2022.12.12"]
[Round "1.54"]
[White "Pipiras, Filipa Fortuna"]
[Black "Garcia Ramos, Daniel"]
[Result "0-1"]
[WhiteTitle "WFM"]
[BlackTitle "IM"]
[WhiteElo "2065"]
[BlackElo "2439"]
[WhiteFideId "1944894"]
[BlackFideId "32010311"]
[EventDate "2022.12.12"]

1. d4 d5 2. c4 e6 3. Nc3 Nf6 4. cxd5 exd5 5. Bg5 c6 6. e3 h6 7. Bh4 Be7 8. Bd3
O-O 9. Nge2 Re8 10. O-O a5 11. Rc1 Na6 12. f3 Nc7 13. Bb1 b5 14. Qc2 g6 15. Nd1
Ra6 16. Nf2 Bf5 17. Nd3 c5 18. dxc5 Nd7 19. Bf2 Nxc5 20. Qd2 Nxd3 21. Bxd3 Bxd3
22. Qxd3 Qd7 23. Rfd1 Rd8 24. Nd4 Bd6 25. Rc2 Raa8 26. Be1 b4 27. b3 Re8 28. Bf2
Be5 29. Ne2 Rad8 30. Bh4 g5 31. Bg3 Qe7 32. Bxe5 Qxe5 33. Nd4 Rd7 34. Rdc1 Ne6
35. Nc6 Qd6 36. Nxa5 Qb6 37. Nc6 Nf4 38. Qd4 Qxd4 39. Nxd4 Rxe3 40. Rd1 Kh7 41.
g3 Nd3 42. Rcd2 Ne5 43. Kf2 Rc3 44. Kg2 Kg6 45. Re2 Kf6 46. Nc2 Nc6 47. Nd4 Re7
48. Rf2 Ne5 49. f4 Ng4 50. fxg5+ Kxg5 51. h4+ Kg6 52. Nf5 Re5 53. Rf4 h5 54.
Rxd5 Rxf5 55. Rdxf5 Ne3+ 56. Kg1 Nxf5 57. Rxb4 Rc1+ 58. Kg2 Rc2+ 59. Kf3 Rxa2
60. g4 hxg4+ 61. Rxg4+ Kf6 62. Rb4 Rh2 63. Rb6+ Kg7 64. h5 Nd4+ 65. Kg4 Rg2+ 66.
Kh4 Ne6 67. b4 Kh6 68. Rb7 f5 69. Rf7 Rg4+ 70. Kh3 Ng5+ 71. Kh2 Nxf7 0-1

[Event "9th Sunway Sitges 2022"]
[Site "Sitges ESP"]
[Date "2022.12.12"]
[Round "1.55"]
[White "Nigmatov, Ortik"]
[Black "Raghav, Srivathsav V"]
[Result "1-0"]
[WhiteTitle "IM"]
[WhiteElo "2439"]
[BlackElo "2059"]
[WhiteFideId "14202131"]
[BlackFideId "5073316"]
[EventDate "2022.12.12"]

1. e4 d5 2. exd5 Qxd5 3. Nc3 Qd6 4. d4 Nf6 5. Nf3 a6 6. Bg5 Bf5 7. Qd2 Nc6 8.
Bf4 Qd7 9. O-O-O e6 10. Nh4 Bg6 11. Nxg6 hxg6 12. d5 exd5 13. Nxd5 Nxd5 14. Qxd5
Qxd5 15. Rxd5 Nb4 16. Re5+ Kd7 17. Bc4 Bd6 18. Rd1 Rh4 19. Re4 Re8 20. Bxd6
Rexe4 21. Bxb4+ Kc8 22. b3 b5 23. f3 Re5 24. g3 Rxh2 25. Bxf7 Rg2 26. g4 Rf2 27.
Bd5 Rfe2 28. Bc3 Re7 29. Be4 g5 30. Rd5 1-0

[Event "9th Sunway Sitges 2022"]
[Site "Sitges ESP"]
[Date "2022.12.12"]
[Round "1.56"]
[White "Rodriguez Redondo, Adhara"]
[Black "Boyer, Mahel"]
[Result "0-1"]
[WhiteTitle "WFM"]
[BlackTitle "IM"]
[WhiteElo "2057"]
[BlackElo "2434"]
[WhiteFideId "32065698"]
[BlackFideId "45102422"]
[EventDate "2022.12.12"]

1. e4 e6 2. d4 d5 3. exd5 exd5 4. Nf3 Bd6 5. c4 Nf6 6. c5 Be7 7. Bd3 b6 8. Qc2
O-O 9. Be3 bxc5 10. dxc5 Nc6 11. a3 d4 12. Bf4 Qd5 13. O-O a5 14. Nbd2 Bb7 15.
Rac1 Nd8 16. b4 axb4 17. axb4 Ne6 18. Bc4 Qc6 19. Bg3 Ra3 20. b5 Qxc5 21. Bxe6
Rc3 22. Qb2 fxe6 23. Nxd4 Qd5 24. N2f3 Rxc1 25. Rxc1 Bd6 26. Nc6 Re8 27. Na5 Ba8
28. Nc4 Rb8 29. Ne3 Qb7 30. Qb3 Nd5 31. Rb1 Qb6 32. Nc4 Qc5 33. Nfd2 Bf4 34. Nf3
h6 35. Bxf4 Nxf4 36. Nce5 Ne2+ 37. Kf1 Bd5 38. Qb2 Nc3 39. Rc1 Qxb5+ 40. Qxb5
Nxb5 41. Rc5 Rb7 42. h4 Nd6 43. Nd2 Rb2 44. Nef3 c6 45. Ra5 Kf7 46. Kg1 Kf6 47.
g4 e5 48. g5+ hxg5 49. hxg5+ Kf5 50. Ra8 e4 51. Rf8+ Ke6 0-1

[Event "9th Sunway Sitges 2022"]
[Site "Sitges ESP"]
[Date "2022.12.12"]
[Round "1.57"]
[White "Bulmaga, Irina"]
[Black "Serrano Aspa, Xavier"]
[Result "1-0"]
[WhiteTitle "IM"]
[WhiteElo "2432"]
[BlackElo "2054"]
[WhiteFideId "13903063"]
[BlackFideId "2219077"]
[EventDate "2022.12.12"]

1. e4 d6 2. d4 Nf6 3. Nc3 e5 4. Nf3 Nbd7 5. Rg1 Be7 6. g4 g6 7. Bh6 c6 8. dxe5
Nxe5 9. Nxe5 dxe5 10. Qf3 Rg8 11. Rd1 Qb6 12. Bc4 Be6 13. Bb3 Bxb3 14. axb3 Nd7
15. h4 Nf8 16. Bxf8 Rxf8 17. Qg3 f6 18. h5 Rd8 19. Rxd8+ Kxd8 20. hxg6 hxg6 21.
Rh1 Qa6 22. Rh7 Bb4 23. g5 Qa1+ 24. Ke2 Qa6+ 25. Qd3+ Qxd3+ 26. cxd3 Be7 27.
gxf6 Rxf6 28. Nd1 Kd7 29. Ne3 Ke6 30. Ng4 Rf4 31. Nxe5 Bc5 32. Nf3 g5 33. Nxg5+ 1-0

[Event "9th Sunway Sitges 2022"]
[Site "Sitges ESP"]
[Date "2022.12.12"]
[Round "1.58"]
[White "Maloberti, David"]
[Black "Ajay, Karthikeyan"]
[Result "0-1"]
[BlackTitle "IM"]
[WhiteElo "2050"]
[BlackElo "2430"]
[WhiteFideId "620149"]
[BlackFideId "35011685"]
[EventDate "2022.12.12"]

1. d4 Nf6 2. c4 e6 3. Nf3 b6 4. Nc3 Bb7 5. a3 h6 6. Qd3 d5 7. cxd5 exd5 8. Ne5
a6 9. Bf4 Bd6 10. e3 Qe7 11. Be2 O-O 12. O-O c5 13. Bg3 b5 14. Ng4 Bxg3 15. hxg3
c4 16. Qf5 Nbd7 17. Nxf6+ Nxf6 18. Bf3 Rad8 19. Rfe1 Rfe8 20. Rad1 g6 21. Qc2
Kg7 22. Kf1 Bc8 23. e4 dxe4 24. Bxe4 Qd6 25. Qd2 Bg4 26. Bf3 Bf5 27. Rxe8 Rxe8
28. Qf4 Bd3+ 29. Kg1 Qb6 30. Nd5 Nxd5 31. Bxd5 Qf6 32. Bf3 Qxf4 33. gxf4 a5 34.
Bc6 Re2 35. Bxb5 Rxb2 36. a4 Bc2 37. Rc1 c3 38. Kf1 Kf6 39. d5 Ke7 40. Re1+ Kd6
41. Re3 Rb1+ 0-1

[Event "9th Sunway Sitges 2022"]
[Site "Sitges ESP"]
[Date "2022.12.12"]
[Round "1.59"]
[White "Sammed Jaykumar, Shete"]
[Black "Sperat Czar, Nicolas"]
[Result "1-0"]
[WhiteTitle "IM"]
[WhiteElo "2430"]
[BlackElo "2047"]
[WhiteFideId "5073421"]
[BlackFideId "551007827"]
[EventDate "2022.12.12"]

1. e4 e5 2. Nf3 Nc6 3. Bc4 Bc5 4. c3 Nf6 5. d3 d6 6. Bb3 O-O 7. h3 h6 8. Nbd2
Re8 9. O-O Be6 10. Bc2 a5 11. Re1 Ba7 12. Nf1 Ne7 13. Ng3 Ng6 14. d4 c6 15. Be3
Qc7 16. Qd2 Rad8 17. Nf5 d5 18. Nxg7 Kxg7 19. Bxh6+ Kh8 20. exd5 Bxd5 21. Bxg6
Bxf3 22. Qg5 fxg6 23. Qxf6+ Kh7 24. Qh4 Bh5 25. Bg5 Rd5 26. g4 Qf7 27. Re4 exd4
28. Rf4 Qe6 29. gxh5 Kg8 30. Rf6 Qe5 31. Rxg6+ Kh7 32. Rh6+ Kg8 33. Bf6 Qf5 34.
Qg3+ Kf7 35. Qg7+ Ke6 36. Bxd4+ 1-0

[Event "9th Sunway Sitges 2022"]
[Site "Sitges ESP"]
[Date "2022.12.12"]
[Round "1.60"]
[White "Moracchini, Margaux"]
[Black "Fataliyeva, Ulviyya"]
[Result "0-1"]
[BlackTitle "IM"]
[WhiteElo "2046"]
[BlackElo "2428"]
[WhiteFideId "36018198"]
[BlackFideId "13403052"]
[EventDate "2022.12.12"]

1. e4 e6 2. d4 d5 3. exd5 exd5 4. Nf3 Nf6 5. Bd3 c5 6. O-O c4 7. Re1+ Be7 8. Bf1
O-O 9. b3 cxb3 10. axb3 Nc6 11. h3 Bf5 12. Ba3 Qc7 13. Bxe7 Nxe7 14. c4 a6 15.
Nbd2 Nc6 16. Re3 Rfe8 17. Rxe8+ Rxe8 18. Nb1 Be4 19. Be2 Bxf3 20. gxf3 Qf4 21.
Nc3 Nxd4 22. Ra2 Re5 23. cxd5 Rg5+ 24. Kh1 Nxe2 25. Qxe2 Qf5 26. Kh2 Rh5 27. Qf1
Qf4+ 0-1

[Event "9th Sunway Sitges 2022"]
[Site "Sitges ESP"]
[Date "2022.12.12"]
[Round "1.61"]
[White "Prraneeth, Vuppala"]
[Black "Assylov, Miras"]
[Result "1/2-1/2"]
[WhiteTitle "IM"]
[WhiteElo "2427"]
[BlackElo "2044"]
[WhiteFideId "46622373"]
[BlackFideId "13728873"]
[EventDate "2022.12.12"]

1. e4 c6 2. Nf3 d5 3. Nc3 dxe4 4. Nxe4 Nf6 5. Qe2 Nxe4 6. Qxe4 Qa5 7. b4 Qf5 8.
Qe3 Qe6 9. Be2 Qxe3 10. fxe3 f6 11. Rb1 e5 12. c4 a5 13. b5 Bf5 14. d3 Bb4+ 15.
Kf2 O-O 16. bxc6 bxc6 17. Rd1 Nd7 18. a3 Bc5 19. Nh4 Be6 20. d4 Ba7 21. d5 cxd5
22. cxd5 Bf7 23. Nf5 Bc5 24. Rb7 Rfd8 25. d6 Nf8 26. Rb5 Ne6 27. Bc4 Kf8 28. Bd2
Bxa3 29. Bxa5 Rd7 30. Rdb1 Nd8 31. Bd5 Bxd5 32. Rxd5 g6 33. Rb3 gxf5 34. Rxa3
Nb7 35. Bb4 Rxa3 36. Bxa3 Kf7 37. Kf3 Ke6 38. Rb5 Nxd6 1/2-1/2

[Event "9th Sunway Sitges 2022"]
[Site "Sitges ESP"]
[Date "2022.12.12"]
[Round "1.62"]
[White "Butolo, Alexandru-Mircea"]
[Black "Baenziger, Fabian"]
[Result "1/2-1/2"]
[WhiteTitle "CM"]
[BlackTitle "IM"]
[WhiteElo "2043"]
[BlackElo "2426"]
[WhiteFideId "1261649"]
[BlackFideId "1330110"]
[EventDate "2022.12.12"]

1. e4 c5 2. Nf3 d6 3. d4 cxd4 4. Nxd4 Nf6 5. Nc3 Nc6 6. Bg5 e6 7. Bb5 Bd7 8. Qd2
Nxd4 9. Bxd7+ Qxd7 10. Qxd4 Be7 11. O-O-O Rc8 12. Bxf6 Bxf6 13. Qxd6 Qxd6 14.
Rxd6 Bxc3 15. bxc3 Ke7 16. Rhd1 Rc7 17. f4 Rhc8 18. R1d2 Ke8 19. Kb2 Rxc3 20.
Rd8+ Rxd8 21. Rxd8+ Kxd8 22. Kxc3 Kc7 23. a4 Kc6 24. Kc4 b6 25. g4 f6 26. h4 e5
27. f5 h6 28. h5 a6 29. Kb4 Kd6 30. Kc4 1/2-1/2

[Event "9th Sunway Sitges 2022"]
[Site "Sitges ESP"]
[Date "2022.12.12"]
[Round "1.63"]
[White "Vitier Vazquez, Cristian"]
[Black "Jimenez Fernandez, Rebeca"]
[Result "1-0"]
[WhiteTitle "FM"]
[BlackTitle "WFM"]
[WhiteElo "2424"]
[BlackElo "2040"]
[WhiteFideId "3513157"]
[BlackFideId "32070934"]
[EventDate "2022.12.12"]

1. d4 Nf6 2. c4 e6 3. g3 d5 4. Bg2 Be7 5. Nf3 O-O 6. O-O dxc4 7. Qc2 b5 8. a4 b4
9. Nbd2 Bb7 10. Nxc4 Be4 11. Qb3 c5 12. dxc5 Bxc5 13. Bf4 Nc6 14. Rfd1 Qe7 15.
Rac1 Bd5 16. Qc2 Rac8 17. Ne3 Na5 18. Qd3 Bb3 19. Re1 Qd8 20. Qb5 Qb6 21. Ne5
Qxb5 22. axb5 Bd4 23. Ra1 Bb6 24. Nd3 Nc4 25. Nxb4 Nxe3 26. Bxe3 Bxe3 27. fxe3
Rc5 28. Bc6 Nd5 29. Nd3 Rc2 30. Rxa7 Nxe3 31. Rc1 Rxc1+ 32. Nxc1 Bd5 33. Nd3 g6
34. Nb4 Rb8 35. Nxd5 Nxd5 36. Kf2 Kg7 37. b3 Kf6 38. e4 Nb6 39. Ke3 Nc8 40. Rc7
Nd6 41. Rd7 Nxb5 42. Kd3 Rb6 43. Bxb5 Rxb5 44. Kc4 Rh5 45. Rd2 Re5 46. Rd4 Rh5
47. h4 g5 48. b4 gxh4 49. gxh4 Ke5 50. b5 Rxh4 51. b6 Rg4 52. b7 Rg8 53. Rd7
Kxe4 54. Rxf7 h5 55. Kc5 Rb8 56. Kc6 e5 57. Kc7 Rxb7+ 58. Kxb7 Kd4 59. Rd7+ Kc5
60. Rd1 e4 61. Kc7 e3 62. Rd3 1-0

[Event "9th Sunway Sitges 2022"]
[Site "Sitges ESP"]
[Date "2022.12.12"]
[Round "1.64"]
[White "Sarveshwaran V"]
[Black "Saydaliev, Saidakbar"]
[Result "0-1"]
[BlackTitle "FM"]
[WhiteElo "2040"]
[BlackElo "2419"]
[WhiteFideId "25699016"]
[BlackFideId "14203693"]
[EventDate "2022.12.12"]

1. e4 c5 2. Nf3 d6 3. d4 cxd4 4. Nxd4 Nf6 5. Nc3 a6 6. a4 Nc6 7. Be2 g6 8. Be3
Bg7 9. O-O O-O 10. Nb3 Be6 11. Qd2 Rc8 12. f4 Na5 13. Nd4 Nc4 14. Bxc4 Bxc4 15.
Rfd1 Ng4 16. b3 Be6 17. f5 Nxe3 18. Qxe3 Bd7 19. Rd3 e6 20. Rf1 Re8 21. fxe6
fxe6 22. Nf3 Qa5 23. e5 d5 24. h4 Qc5 25. Nd4 Rf8 26. Re1 Rf7 27. Nd1 Qf8 28. g3
Bh6 29. Qe2 b5 30. axb5 Bxb5 31. Nxb5 axb5 32. c3 b4 33. cxb4 Qxb4 34. Rf1 Qc5+
35. Kg2 Rxf1 36. Kxf1 Qc1 37. Qg4 Rf8+ 38. Ke1 Rf5 39. Qe2 Bf8 40. Qd2 Rxe5+ 41.
Kf1 Qxd2 42. Rxd2 Bb4 43. Rd3 Kf7 44. Ne3 Ke7 45. Nc2 Rf5+ 46. Ke2 Bc5 47. Rc3
Kd6 48. b4 Bb6 49. b5 Bc5 50. Rb3 Rf7 51. Ne1 e5 52. Nf3 h6 53. Rb2 e4 54. Nd2
Rf2+ 55. Ke1 e3 56. b6 Rxd2 57. Rb5 Ra2 58. b7 Ba7 59. b8=Q+ Bxb8 60. Rxb8 d4
61. g4 Kd5 62. h5 gxh5 63. gxh5 d3 64. Rd8+ Ke4 65. Re8+ Kf4 66. Rf8+ Kg5 67.
Kf1 Ra1+ 68. Kg2 d2 69. Rg8+ Kxh5 70. Kh3 d1=Q 71. Rg1 Qf3+ 72. Kh2 Ra2+ 73. Rg2
Qxg2# 0-1

[Event "9th Sunway Sitges 2022"]
[Site "Sitges ESP"]
[Date "2022.12.12"]
[Round "1.65"]
[White "Roberson, Peter T"]
[Black "Schmuck, Corentin"]
[Result "1-0"]
[WhiteTitle "IM"]
[WhiteElo "2418"]
[BlackElo "2040"]
[WhiteFideId "412384"]
[BlackFideId "20669569"]
[EventDate "2022.12.12"]

1. e4 e6 2. d4 d5 3. e5 c5 4. c3 Qb6 5. Nf3 Nc6 6. Bd3 cxd4 7. O-O Bd7 8. Re1
Rc8 9. Nbd2 Nge7 10. Rb1 Ng6 11. Nb3 Be7 12. Nbxd4 Nxd4 13. Nxd4 a6 14. Qg4 Qc7
15. Bd2 O-O 16. Qh5 Bc5 17. Re3 Bxd4 18. cxd4 f5 19. Rh3 Kf7 20. g4 Bb5 21. gxf5
Bxd3 22. fxe6+ Ke8 23. Rxd3 Qc2 24. Rc1 Qxc1+ 25. Bxc1 Rxc1+ 26. Rd1 Rf5 27.
Qxg6+ hxg6 28. Rxc1 Rf4 29. Rc7 b5 30. Rxg7 Rxd4 31. Rxg6 Ke7 32. Rf6 Re4 33. f4
d4 34. f5 Re1+ 35. Kg2 Rxe5 36. Rf7+ Ke8 37. Kf3 d3 38. Kf4 Re2 39. Rd7 Rxh2 40.
Rxd3 Rxb2 41. Ke5 Rxa2 42. f6 Re2+ 43. Kd6 b4 44. Rh3 1-0

[Event "9th Sunway Sitges 2022"]
[Site "Sitges ESP"]
[Date "2022.12.12"]
[Round "1.66"]
[White "Boixader Arbo, Xavier"]
[Black "Krastev, Alexander"]
[Result "0-1"]
[BlackTitle "IM"]
[WhiteElo "2039"]
[BlackElo "2416"]
[WhiteFideId "32067305"]
[BlackFideId "12989983"]
[EventDate "2022.12.12"]

1. e4 c5 2. Nf3 e6 3. g3 Nc6 4. Bg2 Nf6 5. Nc3 d6 6. d4 cxd4 7. Nxd4 Be7 8. O-O
O-O 9. Nxc6 bxc6 10. e5 dxe5 11. Bxc6 Rb8 12. Qxd8 Rxd8 13. a3 Bb7 14. Bxb7 Rxb7
15. Re1 Nd5 16. Nxd5 Rxd5 17. b4 Rc7 18. Be3 a6 19. Ra2 f5 20. Kf1 g5 21. f3 Rc4
22. Ke2 Kf7 23. Rd1 f4 24. Bf2 e4 25. Rxd5 exd5 26. Be1 h5 27. gxf4 gxf4 28. c3
Bf6 29. Rc2 Ke6 30. Rc1 Rc8 31. c4 Rxc4 32. Rxc4 dxc4 33. fxe4 Bb2 34. Bd2 Bxa3
35. Bxf4 Bxb4 36. Ke3 Bc5+ 37. Kd2 Bd6 38. Be3 Bxh2 39. Kc3 Ke5 40. Kxc4 Kxe4
41. Bg5 Bd6 42. Bd8 Bg3 43. Kc5 Be1 44. Kb6 a5 45. Kb5 Kf3 46. Bf6 Kg4 0-1

[Event "9th Sunway Sitges 2022"]
[Site "Sitges ESP"]
[Date "2022.12.12"]
[Round "1.67"]
[White "Gholami Orimi, Mahdi"]
[Black "Le Pen, Steven"]
[Result "1-0"]
[WhiteTitle "IM"]
[WhiteElo "2415"]
[BlackElo "2038"]
[WhiteFideId "12558486"]
[BlackFideId "612197"]
[EventDate "2022.12.12"]

1. d4 Nf6 2. c4 g6 3. Nc3 d5 4. Bg5 Ne4 5. Bh4 Nxc3 6. bxc3 dxc4 7. e3 Be6 8.
Nh3 Bg7 9. Nf4 Bd5 10. Qb1 b6 11. Nxd5 Qxd5 12. Qb4 Qe4 13. Bg3 c5 14. Qa4+ Nc6
15. Bf4 O-O 16. f3 Qf5 17. Qxc6 Qc2 18. Be2 Qxc3+ 19. Kf2 cxd4 20. Rac1 Qb2 21.
Qxc4 e5 22. Bg5 h6 23. Be7 dxe3+ 24. Kxe3 Rfe8 25. Bd6 Rad8 26. Rhd1 e4 27. fxe4
Qf6 28. Bf4 g5 29. Bg3 Rc8 30. Qxc8 Rxc8 31. Rxc8+ 1-0

[Event "9th Sunway Sitges 2022"]
[Site "Sitges ESP"]
[Date "2022.12.12"]
[Round "1.68"]
[White "Vignesh, B"]
[Black "Moksh, Amit Doshi"]
[Result "1-0"]
[BlackTitle "IM"]
[WhiteElo "2032"]
[BlackElo "2414"]
[WhiteFideId "35051555"]
[BlackFideId "25064967"]
[EventDate "2022.12.12"]

1. e4 c5 2. Nf3 d6 3. c3 Nf6 4. Be2 g6 5. O-O Bg7 6. Re1 O-O 7. Bf1 Nc6 8. h3 e5
9. d4 exd4 10. cxd4 cxd4 11. Nxd4 Nxd4 12. Qxd4 Re8 13. Bg5 h6 14. Bxf6 Bxf6 15.
Qd2 d5 16. Nc3 dxe4 17. Qc2 Bf5 18. g4 Be6 19. Nxe4 Bg7 20. Rad1 Qb6 21. b3 Rac8
22. Qd2 Red8 23. Qf4 Bd5 24. Bc4 Bxc4 25. bxc4 Rd4 26. c5 Qd8 27. Qf3 Rc7 28.
Nd6 Rxd1 29. Rxd1 Rd7 30. Re1 Qc7 31. Nxb7 Rd2 32. Nd6 Bd4 33. Re8+ Kh7 34. Ne4
Qd7 35. Rb8 Rb2 36. c6 Qe7 37. Rb7 Rxb7 38. cxb7 Be5 39. Kg2 Kg7 40. Nc3 Qb4 41.
Ne2 Qb2 42. a4 Kg8 43. Ng1 Bd6 44. Qd5 Bf4 45. Nf3 Kg7 46. Qd4+ Qxd4 47. Nxd4 1-0

[Event "9th Sunway Sitges 2022"]
[Site "Sitges ESP"]
[Date "2022.12.12"]
[Round "1.69"]
[White "Bai, Adelard"]
[Black "Karadzhov, Ivan"]
[Result "1-0"]
[WhiteTitle "FM"]
[WhiteElo "2411"]
[BlackElo "2024"]
[WhiteFideId "16301188"]
[BlackFideId "2922568"]
[EventDate "2022.12.12"]

1. d4 d5 2. c4 c6 3. cxd5 cxd5 4. Bf4 Nf6 5. e3 Nc6 6. Bb5 Bg4 7. Bxc6+ bxc6 8.
f3 Bd7 9. Nc3 e6 10. Na4 Nh5 11. Ne2 Nxf4 12. Nxf4 Qa5+ 13. Kf2 c5 14. Nxc5 Bxc5
15. dxc5 Qxc5 16. Qd4 Qc2+ 17. Ne2 Bb5 18. Rhe1 O-O 19. Rac1 Qa4 20. Qxa4 Bxa4
21. Rc7 Rfc8 22. Rec1 Rxc7 23. Rxc7 Be8 24. Nd4 a5 25. b3 g6 26. f4 Kf8 27. a4
Ra6 28. Ke2 f6 29. Kd2 Rb6 30. Kc3 e5 31. fxe5 fxe5 32. Nf3 d4+ 33. exd4 e4 34.
Ng5 e3 35. Nxh7+ Kg8 36. Rc8 Rc6+ 37. Rxc6 Bxc6 38. d5 Bb7 39. Nf6+ Kf7 40. Ng4
e2 41. Kd2 Bxd5 42. Ne5+ Ke6 43. Nc4 Bxg2 44. Kxe2 Be4 45. Kd2 Kd5 46. Kc3 Bf5
47. Nxa5 Ke4 48. b4 Kf3 49. b5 Kg2 50. b6 Bc8 51. b7 Bxb7 52. Nxb7 Kxh2 53. Nd6
g5 54. a5 g4 55. Ne4 1-0

[Event "9th Sunway Sitges 2022"]
[Site "Sitges ESP"]
[Date "2022.12.12"]
[Round "1.70"]
[White "Khandhar, Kaushal"]
[Black "Willow, Jonah B"]
[Result "0-1"]
[BlackTitle "IM"]
[WhiteElo "2020"]
[BlackElo "2409"]
[WhiteFideId "5702763"]
[BlackFideId "438804"]
[EventDate "2022.12.12"]

1. d4 d5 2. Bf4 c5 3. e3 e6 4. c3 Nf6 5. Nd2 Bd6 6. Bxd6 Qxd6 7. f4 O-O 8. Nh3
b6 9. Qf3 Ba6 10. Bxa6 Nxa6 11. O-O b5 12. a3 Qc6 13. Nf2 Nc7 14. b4 c4 15. g4
a5 16. g5 Nfe8 17. Ng4 Nd6 18. Kh1 Ra7 19. Rg1 Nf5 20. Qh3 Ne8 21. Rac1 axb4 22.
axb4 Qc7 23. Nf3 Qe7 24. Nfe5 Ra3 25. Nh6+ Nxh6 26. gxh6 g6 27. Qg4 Nd6 28. Qg5
Nf5 29. Qxe7 Nxe7 30. Nd7 Rfa8 31. Nf6+ Kh8 32. Rc2 Nf5 33. Ng4 Kg8 34. Rgc1 Kf8
35. Kg2 Ke7 36. Kf3 Nd6 37. Nf2 Nf5 38. Ng4 Ra2 39. Ke2 Nd6 40. Nf2 R8a3 41. Kf3
f5 42. Nh3 Ne4 43. Ng5 Nd2+ 44. Kg3 Nf1+ 45. Kf2 Nxh2 46. Nxh7 Ng4+ 47. Kf3 Nxh6
48. Rxa2 Rxa2 49. Ng5 Ng4 50. Rh1 Nf6 51. Rh8 Ne4 52. Rh7+ Kd6 53. Nf7+ Kc7 54.
Nd6+ Kc6 0-1

[Event "9th Sunway Sitges 2022"]
[Site "Sitges ESP"]
[Date "2022.12.12"]
[Round "1.71"]
[White "Leisch, Lukas"]
[Black "Alfonso Pellisa, Aaron"]
[Result "1/2-1/2"]
[WhiteTitle "IM"]
[WhiteElo "2405"]
[BlackElo "2018"]
[WhiteFideId "1632094"]
[BlackFideId "24593486"]
[EventDate "2022.12.12"]

1. c4 e5 2. g3 Nc6 3. Bg2 Bc5 4. Nc3 a6 5. e3 d6 6. Nge2 Ba7 7. a3 h5 8. h3 h4
9. g4 f5 10. f3 Nge7 11. d4 O-O 12. b4 Qe8 13. O-O Qg6 14. Kh2 exd4 15. exd4 Qf6
16. Be3 Be6 17. Qd3 Bf7 18. Rac1 Rae8 19. Nd1 f4 20. Bf2 g5 21. Qd2 Bg6 22. Re1
Nc8 23. Nb2 Re7 24. a4 Rfe8 25. b5 axb5 26. axb5 Nxd4 27. Nxd4 Rxe1 28. Rxe1
Rxe1 29. Qxe1 Bxd4 30. Bxd4 Qxd4 31. Qe6+ Kg7 32. Qxc8 Qxb2 33. Qxc7+ Kh6 34.
Qxd6 Qc2 35. c5 Kg7 36. Qe5+ Kh6 37. Qh8+ Bh7 38. Qf8+ Kg6 39. Qf5+ Qxf5 40.
gxf5+ Kf6 41. c6 b6 42. Bf1 Bxf5 43. Kg2 Ke5 44. Bc4 Kd6 45. Bf1 Kc5 46. Kf2 Kd4
47. Ke2 Kc3 48. Kd1 Be6 49. Kc1 1/2-1/2